00375nam a2200121Ia 45000010005000000080041000050820020000461000066000662450055001322600024001879010027002119990015002381821241024s9999 xx 000 0 und d aRD/372.72/R426m aRepública Dominicana. Secretaría de Estado de Educación 0aManual de capacitación inicial del segundo año bSanto Domingoc2004 a28/9/2011 4:14:02 p.m. c8665d8665